[Event "San Luis zt 2.5"]
[Site "San Luis"]
[Date "2007.03.24"]
[Round "8"]
[White "Torres Auro, Anibal"]
[Black "Mac Donal, Oscar"]
[Result "0-1"]
[WhiteElo "2210"]
[BlackElo "2015"]
[PlyCount "86"]
[EventDate "2007.03.19"]
[EventType "swiss"]
[EventRounds "9"]
[EventCountry "ARG"]
[SourceTitle "CBM 117 Extra"]
[Source "ChessBase"]
[SourceDate "2007.05.09"]
[SourceVersion "1"]
[SourceVersionDate "2007.05.09"]
[SourceQuality "1"]

1. d4 Nf6 2. c4 g6 3. Nc3 d5 4. cxd5 Nxd5 5. g3 Bg7 6. Bg2 Nb6 7. e3 c5 8. d5 0-0 9. Nge2 Na6 10. 0-0 Nc4 11. e4 e5 12. f4 Nd6 13. fxe5 Bxe5 14. Bh6 Re8 15. Kh1 b5 16. a3 Bg4 17. Qc1 Bxe2 18. Nxe2 c4 19. Rb1 Nc5 20. Qc2 a5 21. Rbd1 Nb3 22. Nc1 Nxc1 23. Bxc1 b4 24. Bf4 Qd7 25. Rf2 Rab8 26. Bxe5 Rxe5 27. Rdf1 Rbe8 28. Re1 f5 29. Rfe2 fxe4 30. Re3 Qb5 31. h4 Qxd5 32. axb4 axb4 33. Rd1 Qc5 34. Rxd6 Qxd6 35. Qxc4+ Kg7 36. Kh2 Qd2 37. Rb3 e3 38. Rxb4 e2 39. Rb7+ R8e7 40. Rb8 Re8 41. Rb7+ R8e7 42. Rb5 e1N 43. Qc3 Qxc3 0-1

[Event "San Luis zt 2.5"]
[Site "San Luis"]
[Date "2007.03.20"]
[Round "3"]
[White "Rodi, Luis Ernesto"]
[Black "Torres Auro, Anibal"]
[Result "1-0"]
[WhiteElo "2291"]
[BlackElo "2210"]
[PlyCount "55"]
[EventDate "2007.03.19"]
[EventType "swiss"]
[EventRounds "9"]
[EventCountry "ARG"]
[SourceTitle "CBM 117 Extra"]
[Source "ChessBase"]
[SourceDate "2007.05.09"]
[SourceVersion "1"]
[SourceVersionDate "2007.05.09"]
[SourceQuality "1"]

1. d4 Nf6 2. Bg5 d5 3. Bxf6 gxf6 4. c4 e6 5. Nc3 c6 6. e3 Nd7 7. Bd3 dxc4 8. Bxc4 Qa5 9. Nf3 Nb6 10. Bd3 Nd5 11. 0-0 Nxc3 12. Qd2 Bb4 13. a3 Nd5 14. axb4 Qxb4 15. Qc2 Qd6 16. Qb3 Qb4 17. Qc2 Qd6 18. Nd2 Nb4 19. Ne4 Nxc2 20. Nxd6+ Kd7 21. Nxf7 Rf8 22. Ne5+ fxe5 23. Bxc2 exd4 24. Rfd1 Ke7 25. Rxd4 h6 26. Rad1 a5 27. Rh4 Rf6 28. e4 1-0